Datum a čas kvízu

23 Celkem bodů Celkový počet nahraných bodů na tomto kvízu bez doplňovacích otázek.
6. Pořadí na kvízu Konečné umístění týmu na tomto kvízu.

Zaznamenané odpovědi

# Otázka Odpověď Body Výsledky
1. Na česko-polské hranici došlo... kaplička 1
2. Ve středu oslavil významné živ... princ Philip, 99 let 0.5
3. Známý slovenský herec a moderá... Maroš Kramár 1
4. Kromě finanční injekce ve výši... ve stanovení minimální ceny letenky 0
5. Jak se jmenuje muž, který se m... Jan Koller 1
6. Psi se na obrazovkách či stříb... Rin Tin Tin, zkráceně též Rinty 0
7. Jan, Gustav, Grigorij, Tomek a... Čtyři z tanku a pes 1
8. Jak se jmenuje slavný pes, kte... Rex 1
9. Jak se (ať už česky, či anglic... Spasitel (Santa's Little Helper) 0
10. Vzpomenete si na jméno filmu,... Neuvěřitelná cesta (ang. Homeward Bound) 1